Word Ladder: 1933 Movie Quiz Stats

 Plays Quiz Updated Jun 14, 2016

Challenge
Share
Tweet
Embed
Score 0/13 Timer 01:30
2 Plays Today
Clue 4-Letter Word % Correct
Lion's distinctive featureMANE
96.6%
Walking stickCANE
96%
Sleep in a tentCAMP
95.3%
Moved toward; approachedCAME
93.2%
Second of the four GospelsMARK
91.4%
Free, like a ticket to a showCOMP
89.2%
★ Stars of [rung 1] + [rung 13]: The _____ Brothers ★●MARX●
85.3%
Government overthrowCOUP
84.6%
Cat breed with very little or no tailMANX
84.2%
Baseball player and manager Connie _____MACK
74.9%
Filth or gunkMUCK
71.6%
★★ 1933 movie: [rung 1] + _____ ★★●SOUP●
66.3%
★★ 1933 movie: _____ + [rung 13] ★★●DUCK●
64.3%

Today's Daily Dose

You're not logged in!

Compare scores with friends on all Sporcle quizzes.
OR
Log In

You Might Also Like...

Show Comments

Extras

Top Quizzes Today


Score Distribution

Your Account Isn't Verified!

In order to create a playlist on Sporcle, you need to verify the email address you used during registration. Go to your Sporcle Settings to finish the process.

Report this User

Report this user for behavior that violates our Community Guidelines.

Details: